00576 2200193 4500001002100000005001500021035002000036245013100056100002500187250001100212300002300223260004200246082001100288084001700299020002200316650002200338990001100360990001100371INLIS00000000000173820241125093547 a0010-11240000241 aMagnet Berpikir Positif :bTentang Bagaimana Meraih Keajaiban dan Kebahagiaan Bertubi-tubi dalam Hidup /cAbhicandra Y. Salman0 aAbhicandra Y. Salman acet. 1 a224 hlm ;c20,5 cm aYogyakarta :bAraska Publisher,c2021 a155.25 a155.25 ABH m a978-623-7910-60-2 4aPengembangan Diri a003595 a003594